Pi, Noguera i Castanyer, fabricants de mobles (Record no. 104412)

MARC details
000 -LEADER
campo de control de longitud fija 00651nam a2200205 i 4500
001 - NÚMERO DE CONTROL
campo de control 104412
003 - IDENTIFICADOR DE NÚMERO DE CONTROL
campo de control ES-MaACL
005 - FECHA Y HORA DE LA ÚLTIMA TRANSACCIÓN
campo de control 20230906183609.0
007 - CAMPO FIJO DE DESCRIPCIÓN FÍSICA--INFORMACIÓN GENERAL
campo de control de longitud fija t|
008 - DATOS DE LONGITUD FIJA--INFORMACIÓN GENERAL
campo de control de longitud fija 051129s1961 sp ||||1| cat d
100 1# - ENTRADA PRINCIPAL--NOMBRE DE PERSONA
Nombre de persona Milla, Angel.
9 (RLIN) 81120
245 10 - MENCIÓN DEL TÍTULO
Título Pi, Noguera i Castanyer, fabricants de mobles
Resto del título : humorada escénica... /
Mención de responsabilidad, etc. original de Angel Milla i Lluis Casañas...
260 ## - PUBLICACIÓN, DISTRIBUCIÓN, ETC.
Lugar de publicación, distribución, etc. Barcelona :
Nombre del editor, distribuidor, etc. Millá,
Fecha de publicación, distribución, etc. 1961.
300 ## - DESCRIPCIÓN FÍSICA
Extensión 56 p. ;
Dimensiones 18 cm.
490 1# - MENCIÓN DE SERIE
Mención de serie Catalunya teatral ;
Designación de volumen o secuencia 75
700 1# - ENTRADA AGREGADA--NOMBRE PERSONAL
Nombre de persona Casañas, Lluis.
9 (RLIN) 36147
830 0# - PUNTO DE ACCESO ADICIONAL DE SERIE-TÍTULO UNIFORME
Título uniforme Catalunya teatral ;
Designación de volumen o secuencia 75
9 (RLIN) 232638
852 ## - LOCALIZACIÓN
Ubicación ES-MaACL
Número de control de estantería C-30538
Sublocalización o colección R.70055
Holdings
Estatus retirado Estado de pérdida Estado de daño No para préstamo Biblioteca de origen Biblioteca actual Ubicación en estantería Fecha de adquisición Fuente de adquisición Total de préstamos Signatura topográfica completa Código de barras Visto por última vez Precio de reemplazo Tipo de ítem Koha
        Biblioteca del Ateneo de Madrid Biblioteca del Ateneo de Madrid Depósito 2 17/01/2008     C-30538 1109016 23/02/2023 23/02/2023 Libro impreso